| 000 | 00425nam a2200157Ia 4500 | ||
|---|---|---|---|
| 003 | GCL | ||
| 008 | 140319s9999 xx 000 0 eng d | ||
| 040 |
_aGCL / _cGCL |
||
| 082 | 0 | 4 |
_a330.9 _bD D |
| 100 | 1 | _aDENIZET, JEAN | |
| 245 | 1 | 0 |
_aLE DOLLAR: HISTOIRE DU SYSTEME MONETAIRE INTERNATIONAL DEPUIS 1945 / _cDENIZET, JEAN |
| 260 |
_a[S.N] : _bFAYARD ، _c1985 |
||
| 300 | _a259 P | ||
| 650 | 0 | 4 | _aECONOMICS |
| 942 |
_2ddc _cBK |
||
| 999 |
_c21598 _d21598 |
||